000 00762nab a2200229u 4500
001 19395
003 HDC
007 c| |||a|c|aaaa
008 210227b20100103my ||||o |||| 00| 0 eng d
040 _aHDC
245 0 _aASEAN-6 zero tariffs take effect immediately
336 _atext
_2rdacontent
337 _acomputer
_2rdamedia
338 _aonline resource
_2rdacarrier
650 _aFood and Drug Monitoring Agency
_917853
650 _aIndonesian food and beverage industry
_917852
710 _aThe Jakarta Post
856 _zRequest full-text at [email protected]
942 _2lcc
942 _cNEWS
942 _kNWS0 003554
999 _c16711
_d16711